000 00950nam a2200253 a 4500
001 000047287
005 20201002053522.0
008 180426s2017 dr a r 000 0 spa d
020 _a9789945195255
040 _aDO-SdBNP
_bspa
_cBNPHU
082 _axxxx
_bI37L, 3ro., 2017
100 1 _aIncháustegui, María Isabel
_929568
245 1 0 _aLengua española 3 :
_beducación primaria /
_cMaría Isabel Incháustegui ; dirección editorial Claudia Llibre; Ilustración Rudy Núñez.
250 _a2a. ed.
260 _aSanto Domingo :
_bSantillana,
_c2017.
300 _a2v. :
_bil. ;
_c28 cm. +
_eCD-ROM
490 _aProyecto todos juntos
500 _aActualización según el nuevo diseño curricular actual
505 0 _gv.1.
_tLibro texto
_gv.2.
_tCuaderno, ficha de actividades
590 _aInventariado,2018/MFF
700 1 _aNúñez, Ruddy,
_eil.
_923171
700 1 _aLlibre, Claudia,
_eed.
_930462
830 0 _aProyecto todos juntos
_930856
999 _c46775
_d46775